<?xml version="1.0" encoding="UTF-8"?>
<record
    xmlns:xsi="http://www.w3.org/2001/XMLSchema-instance"
    xsi:schemaLocation="http://www.loc.gov/MARC21/slim http://www.loc.gov/standards/marcxml/schema/MARC21slim.xsd"
    xmlns="http://www.loc.gov/MARC21/slim">

  <leader>017410000a22003490004500</leader>
  <controlfield tag="003">EG-GICUC</controlfield>
  <controlfield tag="005">20250223024959.0</controlfield>
  <controlfield tag="008">070801s2007    ua a   f m    000 0 eng d</controlfield>
  <datafield tag="040" ind1=" " ind2=" ">
    <subfield code="a">EG-GICUC</subfield>
    <subfield code="b">eng</subfield>
    <subfield code="c">EG-GICUC</subfield>
  </datafield>
  <datafield tag="041" ind1="0" ind2=" ">
    <subfield code="a">Eng</subfield>
  </datafield>
  <datafield tag="049" ind1=" " ind2=" ">
    <subfield code="a">Deposite</subfield>
  </datafield>
  <datafield tag="097" ind1=" " ind2=" ">
    <subfield code="a">M.Sc</subfield>
  </datafield>
  <datafield tag="099" ind1=" " ind2=" ">
    <subfield code="a">Cai01.09.03.M.Sc.2007.Ra.C</subfield>
  </datafield>
  <datafield tag="100" ind1="0" ind2=" ">
    <subfield code="a">Rasha Mohamed Haridy Gaber</subfield>
  </datafield>
  <datafield tag="245" ind1="1" ind2="0">
    <subfield code="a">Caries inhibitory effect of chlorhexidine and flouride mouth rinses in high caries risk individuals / </subfield>
    <subfield code="c">Rasha Mohamed Haridy Gaber ; Supervised Mohsen Hussein Abielhassan , Dalia Moustafa Aboulmagd , Somaia Abdellatif Eissa</subfield>
  </datafield>
  <datafield tag="246" ind1="1" ind2="5">
    <subfield code="a">&#x62A;&#x627;&#x62B;&#x64A;&#x631; &#x63A;&#x633;&#x648;&#x644; &#x627;&#x644;&#x641;&#x645; &#x628;&#x627;&#x644;&#x643;&#x644;&#x648;&#x631;&#x647;&#x643;&#x633;&#x64A;&#x62F;&#x64A;&#x646; &#x648;&#x627;&#x644;&#x641;&#x644;&#x648;&#x631;&#x64A;&#x646; &#x627;&#x644;&#x645;&#x62B;&#x628;&#x637; &#x644;&#x644;&#x62A;&#x633;&#x648;&#x633; &#x639;&#x644;&#x64A; &#x627;&#x644;&#x627;&#x634;&#x62E;&#x627;&#x635; &#x630;&#x648;&#x64A; &#x645;&#x639;&#x62F;&#x644;&#x627;&#x62A; &#x627;&#x644;&#x62A;&#x633;&#x648;&#x633; &#x627;&#x644;&#x639;&#x627;&#x644;&#x64A;&#x629;</subfield>
  </datafield>
  <datafield tag="260" ind1=" " ind2=" ">
    <subfield code="a">Cairo : </subfield>
    <subfield code="b">Rasha Mohamed Haridy Gaber , </subfield>
    <subfield code="c">2007</subfield>
  </datafield>
  <datafield tag="300" ind1=" " ind2=" ">
    <subfield code="a">106Leaves : </subfield>
    <subfield code="b">ill. ; </subfield>
    <subfield code="c">30cm</subfield>
  </datafield>
  <datafield tag="502" ind1=" " ind2=" ">
    <subfield code="a">Thesis (M.Sc.) - Cairo University - Faculty Of Oral and Dental Medicine - Department Of Operative Dentistry</subfield>
  </datafield>
  <datafield tag="520" ind1=" " ind2=" ">
    <subfield code="a">This study was carried out to qualify and quantify SM and LB counts after using chlorhexidine and fluoride containing mouth rinses with mechanical tooth brushing with fluoride - free dentifrices.at base line , after 3 months and after 6 months it was found that , chlorhexidine and fluoride months</subfield>
  </datafield>
  <datafield tag="530" ind1=" " ind2=" ">
    <subfield code="a">Issued Also as CD</subfield>
  </datafield>
  <datafield tag="653" ind1=" " ind2="4">
    <subfield code="a">Caries risk</subfield>
  </datafield>
  <datafield tag="653" ind1=" " ind2="4">
    <subfield code="a">Chlorhexidine</subfield>
  </datafield>
  <datafield tag="653" ind1=" " ind2="4">
    <subfield code="a">Fluoride</subfield>
  </datafield>
  <datafield tag="700" ind1="0" ind2=" ">
    <subfield code="a">Dalia Moustafa Aboulmagd , </subfield>
    <subfield code="e">Supervisor</subfield>
  </datafield>
  <datafield tag="700" ind1="0" ind2=" ">
    <subfield code="a">Mohsen Hussein Abielhassan , </subfield>
    <subfield code="e">Supervisor</subfield>
  </datafield>
  <datafield tag="700" ind1="0" ind2=" ">
    <subfield code="a">Somaia Abdellatif Eissa , </subfield>
    <subfield code="e">Supervisor</subfield>
  </datafield>
  <datafield tag="856" ind1=" " ind2=" ">
    <subfield code="u">http://172.23.153.220/th.pdf</subfield>
  </datafield>
  <datafield tag="905" ind1=" " ind2=" ">
    <subfield code="a">Azza</subfield>
    <subfield code="e">Cataloger</subfield>
  </datafield>
  <datafield tag="905" ind1=" " ind2=" ">
    <subfield code="a">Mustafa</subfield>
    <subfield code="e">Revisor</subfield>
  </datafield>
  <datafield tag="942" ind1=" " ind2=" ">
    <subfield code="2">ddc</subfield>
    <subfield code="c">TH</subfield>
  </datafield>
  <datafield tag="999" ind1=" " ind2=" ">
    <subfield code="c">3106</subfield>
    <subfield code="d">3106</subfield>
  </datafield>
  <datafield tag="952" ind1=" " ind2=" ">
    <subfield code="2">ddc</subfield>
    <subfield code="7">0</subfield>
    <subfield code="a">CUCL</subfield>
    <subfield code="b">cl210</subfield>
    <subfield code="d">2024-02-11</subfield>
    <subfield code="o">Cai01.09.03.M.Sc.2007.Ra.C</subfield>
    <subfield code="p">01010110047490000</subfield>
    <subfield code="r">2023-09-22 00:00:00</subfield>
    <subfield code="y">TH</subfield>
  </datafield>
  <datafield tag="952" ind1=" " ind2=" ">
    <subfield code="2">ddc</subfield>
    <subfield code="7">0</subfield>
    <subfield code="a">CUCL</subfield>
    <subfield code="b">cl2u8</subfield>
    <subfield code="d">2024-02-11</subfield>
    <subfield code="o">Cai01.09.03.M.Sc.2007.Ra.C</subfield>
    <subfield code="p">01020110047490000</subfield>
    <subfield code="r">2023-09-22 00:00:00</subfield>
    <subfield code="t">47490.CD     </subfield>
    <subfield code="y">CD</subfield>
  </datafield>
</record>
